| 000 | 00955nam a2200169 a 4500 | ||
|---|---|---|---|
| 008 | 120416s1981 ||||||||||||||||| || u | ||
| 050 | _aHF 5686.C8 Mea | ||
| 100 | _aMearns, Ian | ||
| 245 | 1 | 0 | _aFundamentals of cost and management accounting |
| 260 |
_aLondon _bLongman _c1981 |
||
| 300 | _avii, 319p. : ill. | ||
| 350 | _a0.00 | ||
| 995 |
_aMAIN LIBRARY OPEN ACCESS _D0.00 _e708589 _FCBU-MAIN LIBRARY (Kitwe) _H2 _I4.95 _jHF 5686.C8 Mea _M2 _ULOST _y708589 _ZMain Library Open Access Collection |
||
| 995 |
_aTEXTBOOKS (SB) _D0.00 _e1981 _FCBU-SCHOOL TEXTBOOK COLLECTIONS _H1 _I0.00 _jSCHOOL TEXTBOOK _M3 _UAVAILABLE _WSep 18, 2009 _y1981 _ZSchool Collections |
||
| 995 |
_aTEXTBOOKS (SB) _D0.00 _e1733 _FCBU-SCHOOL TEXTBOOK COLLECTIONS _H1 _I0.00 _jSCHOOL TEXTBOOK _M4 _UAVAILABLE _WSep 30, 2009 _y1733 _ZSchool Collections |
||
| 995 |
_aMAIN LIBRARY OPEN ACCESS _D0.00 _e718824 _FCBU-MAIN LIBRARY (Kitwe) _H1 _I4.95 _jHF 5686.C8 Mea _M1 _ULOST _y718824 _ZMain Library Open Access Collection |
||
| 999 |
_c63343 _d63343 |
||